Amb Déu o sense (Record no. 183585)
[ view plain ]
| 000 -LEADER | |
|---|---|
| campo de control de longitud fija | 00991nam a2200289 i 4500 |
| 001 - NÚMERO DE CONTROL | |
| campo de control | 183585 |
| 003 - IDENTIFICADOR DE NÚMERO DE CONTROL | |
| campo de control | ES-MaACL |
| 005 - FECHA Y HORA DE LA ÚLTIMA TRANSACCIÓN | |
| campo de control | 20250905142154.0 |
| 008 - DATOS DE LONGITUD FIJA--INFORMACIÓN GENERAL | |
| campo de control de longitud fija | 140724s2012 sp | |||||||| | cat d |
| 020 ## - NÚMERO INTERNACIONAL ESTÁNDAR DEL LIBRO | |
| Número Internacional Estándar del Libro | 978-84-92416-54-7 |
| 080 ## - NÚMERO DE LA CLASIFICACIÓN DECIMAL UNIVERSAL | |
| Número de la Clasificación Decimal Universal | 821.134.1-6"19" |
| 100 1# - ENTRADA PRINCIPAL--NOMBRE DE PERSONA | |
| Nombre de persona | Torralba Roselló, Francesc ( |
| Fechas asociadas al nombre | 1967-) |
| 9 (RLIN) | 155081 |
| 245 10 - MENCIÓN DEL TÍTULO | |
| Título | Amb Déu o sense |
| Resto del título | : quaranta cartes creuades / |
| Mención de responsabilidad, etc. | Francesc Torralba, Vicenç Villatoro. |
| 250 ## - MENCION DE EDICION | |
| Mención de edición | 1ª ed. |
| 260 ## - PUBLICACIÓN, DISTRIBUCIÓN, ETC. | |
| Lugar de publicación, distribución, etc. | Barcelona : |
| Nombre del editor, distribuidor, etc. | Fragmenta, |
| Fecha de publicación, distribución, etc. | 2012. |
| 300 ## - DESCRIPCIÓN FÍSICA | |
| Extensión | 349 p. ; |
| Dimensiones | 21 cm. |
| 490 1# - MENCIÓN DE SERIE | |
| Mención de serie | Assaig ; |
| Designación de volumen o secuencia | 25 |
| 650 #4 - PUNTO DE ACCESO ADICIONAL DE MATERIA--TÉRMINO DE MATERIA | |
| Término de materia o nombre geográfico como elemento de entrada | Valores (Filosofía) |
| 9 (RLIN) | 154937 |
| 650 #4 - PUNTO DE ACCESO ADICIONAL DE MATERIA--TÉRMINO DE MATERIA | |
| Término de materia o nombre geográfico como elemento de entrada | Vida espiritual. |
| 9 (RLIN) | 12505 |
| 700 1# - ENTRADA AGREGADA--NOMBRE PERSONAL | |
| Nombre de persona | Villatoro, Vicenç, |
| Fechas asociadas al nombre | 1957- |
| 9 (RLIN) | 155082 |
| 830 0# - PUNTO DE ACCESO ADICIONAL DE SERIE-TÍTULO UNIFORME | |
| Título uniforme | Assaig ; |
| Designación de volumen o secuencia | 25 |
| 9 (RLIN) | 192010 |
| 852 ## - LOCALIZACIÓN | |
| Ubicación | ES-MaACL |
| Número de control de estantería | A-13187 |
| itemnumber | 190527 |
| Sublocalización o colección | R.150077 |
| Ubicación en estantería | Depósito 1 |
| Signatura antigua | Olim: N-6187 |
| Donativo/Legado | Donación: Carlos Paris |
| 903 ## - NOMBRE PERSONAL DE DONANTE | |
| a | París, Carlos, |
| d | 1925-2014 |
| e | Donante |
| q | 1 |
| 9 | 89133 |
| 942 ## - ELEMENTOS DE ENTRADA SECUNDARIOS (KOHA) | |
| Fuente del sistema de clasificación o colocación | Clasificación decimal universal |
| Tipo de ítem Koha | Libro impreso |
| Estatus retirado | Estado de pérdida | Fuente del sistema de clasificación o colocación | Estado de daño | No para préstamo | Biblioteca de origen | Biblioteca actual | Ubicación en estantería | Fecha de adquisición | Fuente de adquisición | Total de préstamos | Signatura topográfica completa | Código de barras | Visto por última vez | Precio de reemplazo | Tipo de ítem Koha |
|---|---|---|---|---|---|---|---|---|---|---|---|---|---|---|---|
| Clasificación decimal universal | Biblioteca del Ateneo de Madrid | Biblioteca del Ateneo de Madrid | Depósito 1 | 24/07/2014 | Donación | A-13187 | 1192967 | 23/02/2023 | 23/02/2023 | Libro impreso |
